[Event "AUTO-MASTER-3116"]
[Site "http://www.queenalice.com/game.php?id=1800463"]
[Date "2022.11.22"]
[Round "2"]
[White "jlpbarreto"]
[Black "sia"]
[Result "0-1"]
[WhiteElo "2141"]
[BlackElo "1987"]

1. e4 e5 2. Nf3 d6 3. Bc4 Nf6 4. d3 Be7 5. O-O O-O 6. Nbd2 Be6 7. Bb3 Nc6 8. c3
a6 9. Bc2 Bg4 10. Re1 d5 11. h3 Bh5 12. Nf1 d4 13. Ng3 Bg6 14. Nh4 Nxe4 15. Nxg6
Nxf2 16. Nxe7+ Qxe7 17. Kxf2 Qh4 18. Qf3 f5 19. Kg1 f4 20. Ne4 Qxe1+ 21. Kh2 Qh4
22. Bd2 Ne7 23. Be1 Qh6 24. Bf2 dxc3 25. bxc3 Qc6 26. Bc5 Rae8 27. Rb1 b6 28.
Bf2 Nd5 29. c4 Nf6 0-1

[Event "AUTO-MASTER-3122"]
[Site "http://www.queenalice.com/game.php?id=1804411"]
[Date "2023.1.20"]
[Round "2"]
[White "MLSChess"]
[Black "sia"]
[Result "1-0"]
[WhiteElo "2550"]
[BlackElo "2018"]

1. e4 e5 2. Nf3 d6 3. d4 exd4 4. Nxd4 Nc6 5. Nc3 Nf6 6. Bb5 Bd7 7. O-O a6 8.
Bxc6 bxc6 9. Qf3 Be7 10. e5 dxe5 11. Nxc6 e4 12. Nxe4 Bxc6 13. Nxf6+ Bxf6 14.
Qxc6+ Kf8 15. Re1 Rb8 16. Bf4 Rb6 17. Qc5+ Be7 18. Rad1 Bd6 19. Qxb6 cxb6 20.
Bxd6+ Kg8 21. Be7 Qxd1 22. Rxd1 h6 23. Rd8+ Kh7 24. Kf1 1-0

[Event "AUTO-MASTER-3122"]
[Site "http://www.queenalice.com/game.php?id=1804412"]
[Date "2023.1.20"]
[Round "2"]
[White "sia"]
[Black "MLSChess"]
[Result "0-1"]
[WhiteElo "2020"]
[BlackElo "2549"]

1. e4 e5 2. d3 Nc6 3. Nf3 Nf6 4. Be2 d5 5. exd5 Nxd5 6. O-O Bd6 7. Nc3 Nxc3 8.
bxc3 O-O 9. d4 h6 10. Bb5 exd4 11. Bxc6 bxc6 12. cxd4 Qf6 13. c3 Re8 14. Re1
Rxe1+ 15. Qxe1 Be6 16. Nd2 Bd5 17. Ne4 Qe6 18. f3 f5 19. Nf6+ Qxf6 20. Qe2 c5
21. Qb5 Qh4 22. g3 Bxg3 23. hxg3 Qxg3+ 24. Kf1 Qxf3+ 25. Ke1 Qxc3+ 0-1

[Event "AUTO-MASTER-3122"]
[Site "http://www.queenalice.com/game.php?id=1804415"]
[Date "2023.1.20"]
[Round "2"]
[White "zhiii00"]
[Black "sia"]
[Result "1-0"]
[WhiteElo "2266"]
[BlackElo "1992"]

1. b3 e5 2. Bb2 d6 3. c4 Nf6 4. e3 Be7 5. Nc3 Nc6 6. Nf3 O-O 7. Be2 Bg4 8. O-O
e4 9. Nd4 Bxe2 10. Qxe2 Nb4 11. f3 c5 12. Nf5 exf3 13. Rxf3 Re8 14. Raf1 Nc6 15.
Nxe7+ Rxe7 16. Rxf6 gxf6 17. Nd5 Re6 18. Nxf6+ Kh8 19. Qh5 Rxf6 20. Bxf6+ Kg8
21. Bxd8 Nxd8 22. Rf4 a5 23. Rg4+ Kh8 24. Rh4 Kg8 25. Qxh7+ Kf8 26. Re4 f6 27.
Re7 Rc8 28. Qg7# 1-0

[Event "AUTO-MASTER-3122"]
[Site "http://www.queenalice.com/game.php?id=1804416"]
[Date "2023.1.20"]
[Round "2"]
[White "sia"]
[Black "zhiii00"]
[Result "0-1"]
[WhiteElo "1762"]
[BlackElo "2310"]

1. e4 c6 2. d3 e5 3. Nf3 Qc7 4. Be2 Nf6 5. Nc3 a6 6. O-O Bc5 7. Be3 Ba7 8. Bxa7
Rxa7 9. Qd2 O-O 10. Qg5 d6 11. Nh4 h6 12. Qe3 b5 13. b4 c5 14. bxc5 Qxc5 15.
Qxc5 dxc5 16. f4 Nc6 17. fxe5 Nxe5 18. Nf5 Bxf5 19. Rxf5 Re8 20. Bh5 Nh7 21. Be2
Nf6 22. Raf1 b4 23. Na4 Nfd7 24. Rh5 Re6 25. h3 Rc7 26. c3 Rd6 27. Rd1 bxc3 28.
Nxc3 Rb7 29. Nd5 Rb2 30. d4 cxd4 31. Bg4 Nxg4 32. hxg4 Nf6 33. Nxf6+ Rxf6 0-1

[Event "AUTO-MASTER-3122"]
[Site "http://www.queenalice.com/game.php?id=1804417"]
[Date "2023.1.20"]
[Round "2"]
[White "Artking"]
[Black "sia"]
[Result "1-0"]
[WhiteElo "1923"]
[BlackElo "1931"]

1. c4 e5 2. Nc3 d6 3. d4 exd4 4. Qxd4 c5 5. Qd3 Nc6 6. a3 Nf6 7. Bg5 Be7 8. Nf3
O-O 9. e3 h6 10. Bh4 Bg4 11. h3 Bxf3 12. gxf3 Nh7 13. Bg3 Ng5 14. Bg2 Re8 15.
Nd5 Bf6 16. Nxf6+ Qxf6 17. O-O Rad8 18. f4 Ne6 19. f5 Ng5 20. h4 Nh7 21. f3 Ne5
22. Qe2 Qxf5 23. Kh2 1-0

[Event "AUTO-MASTER-3122"]
[Site "http://www.queenalice.com/game.php?id=1804418"]
[Date "2023.1.20"]
[Round "2"]
[White "sia"]
[Black "Artking"]
[Result "0-1"]
[WhiteElo "1915"]
[BlackElo "1939"]

1. e4 d5 2. exd5 Nf6 3. c4 e6 4. Qe2 Bc5 5. dxe6 Bxe6 6. d3 Nc6 7. Be3 Nd4 8.
Bxd4 Qxd4 9. Nc3 a6 10. Nf3 Qd8 11. Ne4 Nxe4 12. Qxe4 O-O 13. Qxb7 Qe7 14. O-O-O
Rfb8 15. Qe4 Bxf2 16. Nd4 Qg5+ 17. Kc2 Bxd4 18. Qxd4 Rd8 19. Qf2 Rab8 20. b3 a5
21. Qd2 Qxd2+ 22. Rxd2 c5 0-1

[Event "AUTO-ADV-4671"]
[Site "http://www.queenalice.com/game.php?id=1804450"]
[Date "2023.1.21"]
[Round "1"]
[White "Petruzza"]
[Black "sia"]
[Result "1-0"]
[WhiteElo "1882"]
[BlackElo "1950"]

1. e4 e5 2. Nf3 d6 3. Bc4 Be6 4. Bb5+ c6 5. Bd3 Nf6 6. O-O Be7 7. Nc3 O-O 8. Ng5
h6 9. Nxe6 fxe6 10. Ne2 Nbd7 11. Ng3 Nc5 12. b4 Nxd3 13. cxd3 Qb6 14. a3 Qd4 15.
Ra2 Qxd3 16. a4 Nxe4 17. Nxe4 Qxe4 18. Qb3 d5 19. b5 c5 20. Qh3 Rf5 21. d3 Qh4
22. Qg3 Qxg3 23. fxg3 Raf8 24. Raf2 c4 25. Rxf5 exf5 26. dxc4 1-0

[Event "AUTO-ADV-4671"]
[Site "http://www.queenalice.com/game.php?id=1804451"]
[Date "2023.1.21"]
[Round "1"]
[White "sia"]
[Black "Petruzza"]
[Result "0-1"]
[WhiteElo "1970"]
[BlackElo "1862"]

1. e4 e5 2. d3 Bb4+ 3. c3 Bc5 4. Be3 Bxe3 5. fxe3 d6 6. Nf3 Bg4 7. Nbd2 Nc6 8.
Be2 Be6 9. O-O Nce7 10. Ng5 h6 11. Nxe6 fxe6 12. Bg4 Qd7 13. Qf3 Nf6 14. Qh3
Nxg4 15. Qxg4 g6 16. d4 exd4 17. exd4 O-O-O 18. Rf7 Rhf8 19. Raf1 Rxf7 20. Rxf7
h5 21. Qg5 Re8 22. Nf3 e5 23. dxe5 dxe5 0-1

[Event "AUTO-ADV-4671"]
[Site "http://www.queenalice.com/game.php?id=1804464"]
[Date "2023.1.21"]
[Round "1"]
[White "fabricioprado"]
[Black "sia"]
[Result "1-0"]
[WhiteElo "1788"]
[BlackElo "1739"]

1. d4 d5 2. c4 c6 3. Nc3 dxc4 4. Bf4 a6 5. Nf3 e6 6. e3 b5 7. a4 Bb4 8. Be2 Nf6
9. O-O Bxc3 10. bxc3 Ne4 11. Qc2 f5 12. Ne5 O-O 13. f3 Ng5 14. h4 Nf7 15. e4
Qxh4 16. Bh2 Nxe5 17. dxe5 f4 18. axb5 cxb5 19. Rfb1 Bd7 20. Qd2 g5 21. Qe1
Qxe1+ 22. Rxe1 Nc6 23. g3 Nxe5 24. gxf4 gxf4 25. Kf2 Ng6 26. Rg1 1-0

[Event "AUTO-ADV-4671"]
[Site "http://www.queenalice.com/game.php?id=1804465"]
[Date "2023.1.21"]
[Round "1"]
[White "sia"]
[Black "fabricioprado"]
[Result "0-1"]
[WhiteElo "1754"]
[BlackElo "1773"]

1. e4 e5 2. d3 Be7 3. Nf3 Nc6 4. Be2 Nf6 5. Nc3 a6 6. Nd5 O-O 7. O-O d6 8. Bg5
Ne8 9. Bxe7 Nxe7 10. c4 Nxd5 11. cxd5 c6 12. dxc6 bxc6 13. a4 f5 14. Qc2 Bb7 15.
Qb3+ Rf7 16. exf5 Kf8 17. g4 Rb8 18. Qc3 Nf6 19. Ng5 Re7 20. Ne6+ Rxe6 21. fxe6
Qe7 22. g5 Nd5 23. Qd2 Nf4 24. Bg4 Qxg5 0-1

[Event "AUTO-ADV-4671"]
[Site "http://www.queenalice.com/game.php?id=1804472"]
[Date "2023.1.21"]
[Round "1"]
[White "mvson33"]
[Black "sia"]
[Result "0-1"]
[WhiteElo "1895"]
[BlackElo "2009"]

1. Nf3 d5 2. d4 e6 3. e3 Nf6 4. Be2 Bd6 5. O-O O-O 6. c4 c6 7. Nc3 Ne4 8. cxd5
cxd5 9. Qc2 f5 10. Bd2 Qf6 11. Rac1 Nc6 12. Nb5 Bb8 13. Nc3 Qh6 14. a3 Rf6 15.
b4 Ng5 16. g3 Rg6 17. e4 Nxf3+ 18. Bxf3 f4 19. e5 Nxd4 20. Qd3 Bxe5 21. Bg2 Qh5
22. Nb5 Ne2+ 0-1

[Event "AUTO-ADV-4671"]
[Site "http://www.queenalice.com/game.php?id=1804473"]
[Date "2023.1.21"]
[Round "1"]
[White "sia"]
[Black "mvson33"]
[Result "0-1"]
[WhiteElo "1777"]
[BlackElo "1892"]

1. e4 c5 2. d3 Nc6 3. Nf3 d6 4. Be2 Nf6 5. Bg5 g6 6. Bxf6 exf6 7. Nc3 Bg7 8. O-O
Bd7 9. Qd2 O-O 10. a3 Be6 11. h3 f5 12. exf5 Bxf5 13. Rad1 d5 14. Nh2 Nd4 15.
Nf3 Nxe2+ 16. Qxe2 Re8 17. Qd2 a6 18. Rde1 Rxe1 19. Rxe1 Qd7 20. Ne5 Qd6 21. Nf3
Qd7 22. Nh4 Be6 23. Qf4 Re8 24. Nf3 b5 25. Qh4 Qe7 0-1

[Event "AUTO-OPEN-4418"]
[Site "http://www.queenalice.com/game.php?id=1804520"]
[Date "2023.1.22"]
[Round "1"]
[White "andrevillares"]
[Black "sia"]
[Result "1-0"]
[WhiteElo "2156"]
[BlackElo "1766"]

1. d4 d5 2. c4 c6 3. Nc3 dxc4 4. a4 Qa5 5. e4 b5 6. Bd2 b4 7. Na2 c3 8. bxc3
bxc3 9. Bxc3 Qc7 10. Nf3 e6 11. Bd3 Be7 12. O-O Nf6 13. Rc1 Ba6 14. Bxa6 Nxa6
15. d5 Nxe4 16. Bxg7 Rg8 17. Be5 Qa5 18. dxc6 Rd8 19. Qe2 Nd2 20. Nxd2 Rxd2 21.
Qe1 Rd5 22. Qxa5 1-0

[Event "AUTO-OPEN-4418"]
[Site "http://www.queenalice.com/game.php?id=1804521"]
[Date "2023.1.22"]
[Round "1"]
[White "sia"]
[Black "andrevillares"]
[Result "0-1"]
[WhiteElo "1764"]
[BlackElo "2157"]

1. e4 c6 2. d3 d5 3. f3 e5 4. Nc3 d4 5. Nce2 Nf6 6. Bg5 Be7 7. c3 c5 8. Qb3 O-O
9. O-O-O Nc6 10. Ng3 Be6 11. c4 a6 12. Bxf6 Bxf6 13. Qxb7 Na5 14. Qxa8 Qxa8 15.
N1e2 Qb7 16. Kc2 Rb8 17. Rb1 Bxc4 18. dxc4 Nxc4 0-1

[Event "AUTO-OPEN-4418"]
[Site "http://www.queenalice.com/game.php?id=1804548"]
[Date "2023.1.22"]
[Round "1"]
[White "josebaron"]
[Black "sia"]
[Result "1-0"]
[WhiteElo "2236"]
[BlackElo "1897"]

1. e4 e5 2. Nf3 d6 3. Nc3 Nf6 4. d4 exd4 5. Nxd4 Be7 6. Bd3 O-O 7. O-O Nc6 8.
Nxc6 bxc6 9. h3 h6 10. Re1 Rb8 11. a4 a5 12. Ne2 d5 13. Nd4 Qd7 14. exd5 Nxd5
15. Nf5 Bb4 16. c3 Bd6 17. Qg4 g6 18. Bxh6 Re8 19. Qd4 f6 20. Nxd6 Rxe1+ 21.
Rxe1 cxd6 22. Bxg6 Bb7 23. c4 c5 24. Qh4 Ne7 25. Qxf6 1-0

[Event "AUTO-OPEN-4418"]
[Site "http://www.queenalice.com/game.php?id=1804549"]
[Date "2023.1.22"]
[Round "1"]
[White "sia"]
[Black "josebaron"]
[Result "0-1"]
[WhiteElo "1900"]
[BlackElo "2234"]

1. e4 e5 2. d3 Nf6 3. Be2 Bc5 4. Nf3 d6 5. O-O O-O 6. Nc3 a6 7. Be3 Bxe3 8. fxe3
Nc6 9. Nd5 Be6 10. c4 Bxd5 11. cxd5 Ne7 12. Qb3 Rb8 13. Rac1 c6 14. dxc6 bxc6
15. Qa3 a5 16. Nd2 d5 17. exd5 cxd5 18. Rc5 Qb6 19. d4 exd4 20. exd4 Qxb2 21.
Qxb2 Rxb2 22. Rd1 Rxa2 23. Bf3 Rc8 0-1

[Event "AUTO-OPEN-4418"]
[Site "http://www.queenalice.com/game.php?id=1804566"]
[Date "2023.1.22"]
[Round "1"]
[White "wj64"]
[Black "sia"]
[Result "1-0"]
[WhiteElo "1633"]
[BlackElo "1840"]

1. e4 e5 2. g3 d6 3. Bc4 Be6 4. Bb5+ c6 5. Be2 Nf6 6. d3 Be7 7. Nc3 O-O 8. h3
Qb6 9. g4 h6 10. Nf3 Nbd7 11. d4 exd4 12. Nxd4 c5 13. Ndb5 a6 14. Na3 Qb4 15.
Rb1 Nxe4 16. Qd3 Ne5 17. Qxe4 Qxe4 18. Nxe4 Bxa2 19. Ra1 Bd5 20. f3 Rae8 21. c4
Bh4+ 22. Kd2 Bxe4 23. fxe4 Nc6 24. Bf3 Nd4 25. Bg2 1-0

[Event "AUTO-OPEN-4418"]
[Site "http://www.queenalice.com/game.php?id=1804567"]
[Date "2023.1.22"]
[Round "1"]
[White "sia"]
[Black "wj64"]
[Result "0-1"]
[WhiteElo "1866"]
[BlackElo "1607"]

1. e4 e5 2. d3 d5 3. exd5 Qxd5 4. Nf3 Bf5 5. Nc3 Qe6 6. Bd2 Bb4 7. a3 Bxc3 8.
bxc3 Nc6 9. Be2 a6 10. O-O Qg6 11. Nh4 Qe6 12. Bf3 Nf6 13. Re1 Na5 14. Qe2 Rd8
15. Nxf5 Qxf5 16. Qxe5+ Qxe5 17. Rxe5+ Kf8 18. Rxa5 c6 19. Bg5 Rd6 20. Rb1 Rd7
21. Bxf6 gxf6 22. Rb6 Kg7 23. Ra4 Re8 0-1

[Event "AUTO-MASTER-3146"]
[Site "http://www.queenalice.com/game.php?id=1804655"]
[Date "2023.1.24"]
[Round "1"]
[White "suenteus_po_147"]
[Black "sia"]
[Result "1-0"]
[WhiteElo "2156"]
[BlackElo "1760"]

1. e4 e5 2. Nc3 d6 3. Bc4 Nf6 4. f4 exf4 5. d4 Be7 6. Bxf4 O-O 7. Qd3 h6 8.
O-O-O Re8 9. Nf3 Bg4 10. h3 Bh5 11. g4 Bg6 12. Nh4 Nxg4 13. Nxg6 Nf2 14. Nxe7+
Qxe7 15. Qg3 Nxh1 16. Rxh1 g5 17. h4 Qf6 18. hxg5 hxg5 19. Bxg5 Qg6 20. Qh4 Kg7
21. Nd5 Nc6 22. Bf6+ 1-0

[Event "AUTO-MASTER-3146"]
[Site "http://www.queenalice.com/game.php?id=1804656"]
[Date "2023.1.24"]
[Round "1"]
[White "sia"]
[Black "suenteus_po_147"]
[Result "0-1"]
[WhiteElo "1725"]
[BlackElo "2143"]

1. d4 Nf6 2. e3 d5 3. Nf3 c5 4. dxc5 e6 5. b4 a5 6. c3 b6 7. Bb5+ Bd7 8. Bxd7+
Nfxd7 9. cxb6 Nxb6 10. b5 N8d7 11. O-O Be7 12. Nd4 Bf6 13. Nd2 O-O 14. a4 Qc7
15. Ba3 Rfc8 16. Qb3 Nc4 17. Nxc4 dxc4 18. Qc2 Ne5 19. f4 Nd3 20. Nc6 Qb6 21.
Bc1 Rc7 22. Rf3 Rac8 23. Kf1 Nb4 0-1

[Event "AUTO-MASTER-3146"]
[Site "http://www.queenalice.com/game.php?id=1804669"]
[Date "2023.1.24"]
[Round "1"]
[White "maurice916"]
[Black "sia"]
[Result "1-0"]
[WhiteElo "1827"]
[BlackElo "2016"]

1. Nf3 d5 2. e3 e6 3. c4 c6 4. d4 Nf6 5. Be2 Bb4+ 6. Bd2 Bxd2+ 7. Nbxd2 O-O 8.
O-O Ne4 9. Rc1 f5 10. Ne5 Nd7 11. f4 Nxe5 12. fxe5 Qg5 13. Nxe4 fxe4 14. Rc3 b6
15. Rxf8+ Kxf8 16. Qf1+ Ke7 17. cxd5 exd5 18. Rxc6 Qxe3+ 19. Qf2 Qxf2+ 20. Kxf2
Bd7 21. Rc7 Kd8 22. Rc3 Rc8 23. h4 Rxc3 24. bxc3 b5 25. Bd1 1-0

[Event "AUTO-MASTER-3146"]
[Site "http://www.queenalice.com/game.php?id=1804670"]
[Date "2023.1.24"]
[Round "1"]
[White "sia"]
[Black "maurice916"]
[Result "0-1"]
[WhiteElo "1992"]
[BlackElo "1851"]

1. e4 c6 2. d3 d5 3. f3 e5 4. Be2 Bb4+ 5. c3 Ba5 6. b4 Bb6 7. a4 a6 8. a5 Ba7 9.
Qa4 Bd7 10. Qb3 Ne7 11. Bg5 f6 12. Bh4 Ng6 13. Bg3 Be6 14. Qc2 Nd7 15. Na3 Qe7
16. h4 O-O-O 17. Nh3 Kb8 18. O-O-O Rc8 19. d4 Ka8 20. dxe5 Ngxe5 21. Nf4 dxe4
22. Qxe4 Rhe8 23. Nxe6 Qxe6 24. Bxe5 Nxe5 25. f4 Ng6 0-1

[Event "AUTO-MASTER-3146"]
[Site "http://www.queenalice.com/game.php?id=1804679"]
[Date "2023.1.24"]
[Round "1"]
[White "sia"]
[Black "pomar"]
[Result "0-1"]
[WhiteElo "1794"]
[BlackElo "1968"]

1. e4 e6 2. d3 d5 3. exd5 exd5 4. Nf3 c6 5. Be2 Qb6 6. O-O Be7 7. c3 Nf6 8. Qa4
Bd7 9. Ne5 Bd6 10. Nxd7 Nbxd7 11. b4 Qc7 12. g3 h5 13. Re1 h4 14. Bg4+ Be7 15.
Bxd7+ Qxd7 16. Bg5 hxg3 17. fxg3 Qf5 18. Bxf6 Qxf6 19. b5 Kd7 20. bxc6+ Qxc6 21.
Qxc6+ bxc6 22. Nd2 Rab8 23. Nf3 f6 24. Nh4 Rb2 25. Rxe7+ Kxe7 26. Ng6+ Kf7 0-1

[Event "AUTO-MASTER-3146"]
[Site "http://www.queenalice.com/game.php?id=1804680"]
[Date "2023.1.24"]
[Round "1"]
[White "pomar"]
[Black "sia"]
[Result "1-0"]
[WhiteElo "1977"]
[BlackElo "1785"]

1. f3 d5 2. Kf2 e6 3. e3 Nc6 4. d4 Nf6 5. c4 Be7 6. Nc3 Bb4 7. Bd2 O-O 8. cxd5
exd5 9. a3 Bxc3 10. bxc3 a6 11. Bd3 Nh5 12. g3 f5 13. c4 Qd6 14. cxd5 Qxd5 15.
Qc2 Be6 16. Ne2 b5 17. Rhc1 Bd7 18. Nc3 Qd6 19. Ne2 Rae8 20. Qb2 Rf7 21. Rab1
Qe6 22. Re1 Qg6 23. Nf4 Nxf4 24. exf4 Rxe1 25. Rxe1 Qh5 26. Kg2 1-0